| 000 | 00770nam a22002297a 4500 | ||
|---|---|---|---|
| 999 |
_c6451 _d6451 |
||
| 003 | AR-CdUCM | ||
| 008 | 190318b ||||| |||| 00| 0 spa d | ||
| 040 |
_aMUNICIPALIDAD PROVINCIAL DEL CUSCO _cBIBLIOTECA MUNICIPAL DEL CUSCO |
||
| 082 |
_a498.5103 / _bME2 |
||
| 100 |
_aSoto Ruiz, Clodoaldo _918295 |
||
| 245 |
_aDiccionario quechua : _bAyacucho - chanca / |
||
| 260 |
_aLima : _bIEP, _c1976. |
||
| 300 |
_a183 paginas ; _c20 cm. |
||
| 440 |
_aMinisterio de educación _915645 |
||
| 505 | _aContenido : Introducción -- Lista de abreviaturas -- Quechua - castellano ... | ||
| 650 |
_aLengua originario _918296 |
||
| 650 |
_aQuechua _92063 |
||
| 650 |
_aAyacucho - Chanca _918297 |
||
| 700 |
_aMinisterio de educación _918298 |
||
| 942 |
_2ddc _cLIBROS |
||
| 945 | _arah | ||